| 000 | 00818nam a2200253 i 4500 | ||
|---|---|---|---|
| 001 | Rebiun07275732 | ||
| 003 | AR-RoIUNI | ||
| 005 | 20250925100918.0 | ||
| 008 | 920925s1987 sp 000 0 spa d | ||
| 017 | _aB42523-1986 | ||
| 020 | _a8486231044 | ||
| 040 |
_aUMA.BGCM _cAR-RoIUNI |
||
| 080 | _a159.964.2-053.2 | ||
| 245 | 0 | 3 |
_aEl analiticon _bGenio del psicoanalisis. Con una presentacion de caso de Jacques Lacan |
| 260 |
_aBarcelona : _bFundacion del Campo Freudiano, _ccop. 1987 |
||
| 300 |
_a142 p. ; _c24 cm |
||
| 490 | 0 |
_aCorreo-Paradiso ; _v1 |
|
| 500 | _aSubtit. en la cub.: Psicoanalisis con ninos | ||
| 500 | _aEn la cub.: Con textos de Jacques Lacan sobre el nino y la psicosis | ||
| 650 | 0 | 4 | _aPsicoanalisis |
| 650 | 0 | 4 |
_aNinos- _xPsicologia |
| 650 | 0 | 4 |
_aPsicologia _9108 |
| 942 |
_2cdu _cBK |
||
| 999 |
_c6281 _d6281 |
||